Progresívne trendy sociálneho rozvoja v znalostnej ekonomike a virtuálnom prostredí
Komunikácia prostredníctvom internetu, vzájomná kooperácia medzi pracovnými skupinami geograficky vzdialenými a vznik virtuálneho podniku. Informačná ekonomika postavená na sieťovom prepojení ľudskej inteligencie. Ekonomické zoskupenia - európske s dominanciou EÚ, severoamerické s vedúcou pozíciou U...
Uložené v:
| Hlavný autor: | |
|---|---|
| Médium: | Kapitola |
| Jazyk: | Slovak |
| Predmet: | |
| Tagy: |
Žiadne tagy, Buďte prvý, kto otaguje tento záznam!
|
MARC
| LEADER | 00000nla$a2200000$$$4500 | ||
|---|---|---|---|
| 001 | 0057977 | ||
| 005 | 20240502071642.5 | ||
| 041 | 0 | |a slo | |
| 044 | |a SK | ||
| 245 | 1 | 0 | |a Progresívne trendy sociálneho rozvoja v znalostnej ekonomike a virtuálnom prostredí |c Július Alexy |
| 520 | |a Komunikácia prostredníctvom internetu, vzájomná kooperácia medzi pracovnými skupinami geograficky vzdialenými a vznik virtuálneho podniku. Informačná ekonomika postavená na sieťovom prepojení ľudskej inteligencie. Ekonomické zoskupenia - európske s dominanciou EÚ, severoamerické s vedúcou pozíciou USA a Tichooceánske s vedúcim Japonskom. Virtuálne prostredie a sociálny vývoj. Zbližovanie systémov pre sociálny rozvoj cez zbližovanie ekonomík krajín EÚ. Globálny pohyb ľudských zdrojov a multikultúrne spoločenstvá. | ||
| 610 | 2 | 0 | |a spoločnosť informačná |
| 610 | 2 | 0 | |a ekonomika vedomostná |
| 610 | 2 | 0 | |a digitalizácia |
| 610 | 2 | 0 | |a vedomosti |
| 610 | 2 | 0 | |a rozvoj sociálny |
| 610 | 2 | 0 | |a zdroje ľudské |
| 610 | 2 | 0 | |a pohyb síl pracovných medzinárodný |
| 100 | 1 | |a Alexy, Július, 1926-2024 | |